Spotrebiteľské vnímanie trhovísk v Bratislave

Dotazníkový prieskum, ktorý mapoval preferencie ľudí nakupovania na trhovisku, merchandising trhoviska a rozmiestnenie trhovísk v rámci Bratislavy. Skúmanie troch hypotéz týkajúcich sa nákupného správania spotrebiteľov. Výsledky výskumu.

Na minha lista:
Detalhes bibliográficos
Autor principal: Kollár, Patrícia
Outros Autores: Kita, Pavol
Formato: Capítulo de Livro
Idioma:eslovaco
Assuntos:
Tags: Adicionar Tag
Sem tags, seja o primeiro a adicionar uma tag!

MARC

LEADER 00000naa$a2200000$$$4500
001 0248699
005 20240502073958.1
041 0 |a slo 
044 |a SK 
245 1 0 |a Spotrebiteľské vnímanie trhovísk v Bratislave  |c Patrícia Kollár, Pavol Kita 
520 |a Dotazníkový prieskum, ktorý mapoval preferencie ľudí nakupovania na trhovisku, merchandising trhoviska a rozmiestnenie trhovísk v rámci Bratislavy. Skúmanie troch hypotéz týkajúcich sa nákupného správania spotrebiteľov. Výsledky výskumu. 
610 2 0 |a spotrebitelia 
610 2 0 |a správanie spotrebiteľa 
610 2 0 |a nákup 
610 2 0 |a výskum 
610 2 0 |a trhy 
610 2 0 |a mestá 
100 1 |a Kollár, Patrícia 
700 1 |a Kita, Pavol